| 000 | 00789nam a2200277Ia 4500 | ||
|---|---|---|---|
| 003 | OSt | ||
| 005 | 20221006142718.0 | ||
| 006 | a|||||r|||| 00| 0 | ||
| 007 | ta | ||
| 008 | 221006b |||||||| |||| 00| 0 eng d | ||
| 020 |
_a0887069223 _c550.88 |
||
| 024 | _a7,006 | ||
| 037 | _cTextual | ||
| 040 |
_aEASL _cEASL _beng |
||
| 041 |
_2eng _aeng |
||
| 082 | _aQ4596, M9 | ||
| 100 |
_aCOOK Francis H Tr. _9648239 |
||
| 245 | 0 | _aSounds of valley streams | |
| 260 |
_aNew York _bState University of New _c1989 |
||
| 300 |
_a164p. _ccm. |
||
| 490 |
_v Gen _asuny series in Buddhist Studies Kenneth K .india |
||
| 650 |
_a Sotoshu - doctrines _9648240 |
||
| 650 |
_aDozen shobo _9648241 |
||
| 942 |
_hQ4596, M9 _cTEXL _2CC |
||
| 999 |
_c1075092 _d1075092 |
||